| 000 | 00445nam a2200157Ia 4500 | ||
|---|---|---|---|
| 005 | 20240606043643.0 | ||
| 008 | 240331s9999 xx 000 0 und d | ||
| 020 | _a0415040183 | ||
| 082 |
_bFOU _a362 |
||
| 100 | _aFoucault, M | ||
| 245 | 0 |
_aMadness and civilization : _ba history of insanity in the age of reason |
|
| 260 |
_aGreat Britain _bTavistock Publications Limited _c1967 |
||
| 300 | _axiv,299 p., | ||
| 650 | _aCivilization | ||
| 942 | _cL | ||
| 999 |
_c2891 _d2891 |
||